[Event "Open Tournament for Experts"]
[Site "SchemingMind.com"]
[Date "2007.03.26"]
[Round "-"]
[White "Cruyce"]
[Black "MichaelDV"]
[Result "1/2-1/2"]
[WhiteCountry "BEL"]
[BlackCountry "SWE"]
[WhiteElo "2142"]
[WhiteRD "75"]
[BlackElo "2340"]
[BlackRD "70"]
[GameID "98237"]

1. d4 Nf6 2. Nf3 e6 3. g3 d5 4. Bg2 Be7 5. O-O O-O 6. c4 dxc4 7. Qc2 a6 8. Qxc4 b5 9. Qc2 Bb7 10. Bd2 Ra7
11. Rc1 Be4 12. Qb3 Nbd7 13. Ba5 Qa8 14. Bxc7 Nc5 15. dxc5 Rxc7 16. Nc3 Bb7 17. a4 b4 18. Qxb4 Rxc5 19. Rd1 Rb8 20. Qd4 Rh5
21. Qf4 e5 22. Qc4 Rc8 23. Qb3 Rb8=
1/2-1/2

[Event "Open Tournament for Experts"]
[Site "SchemingMind.com"]
[Date "2007.03.28"]
[Round "-"]
[White "MichaelDV"]
[Black "Cruyce"]
[Result "1/2-1/2"]
[WhiteCountry "SWE"]
[BlackCountry "BEL"]
[WhiteElo "2347"]
[WhiteRD "64"]
[BlackElo "2253"]
[BlackRD "78"]
[GameID "98238"]

1. Nf3 d5 2. d4 c6 3. c4 e6 4. e3 f5 5. Bd3 Nf6 6. O-O Bd6 7. b3 Qe7 8. Bb2 O-O 9. Qc1 b6 10. Ba3 c5
11. cxd5 exd5 12. Nc3 Be6 13. Nb5 Nbd7 14. Nxd6 Qxd6 15. Qb2 a5 16. Rac1 Rac8 17. Rfd1 f4 18. exf4 Qxf4 19. Qd2 Qxd2= 20. Rxd2 Rfe8
21. Bb5 cxd4 22. Rxc8 Rxc8 23. Nxd4 Nc5 24. Nxe6 Nxe6 25. f3 Kf7 26. Bb2 Rc5 27. Ba6 b5 28. Ba3 b4 29. Bb2 g6 30. Kf2 Ne8
31. g3 Nd6 32. a4 Ke7 33. Be2 Kd7 34. Bd1 Ke7 35. h3 Kd7 36. g4 g5 37. Kg3 h6 38. h4 Ke7 39. hxg5 hxg5 40. Bc2 d4
41. Bh7 Rd5 42. Kf2 Kf7 43. Bb1 Kf6= 44. Rd1 Ke5 45. Re1+ Kf6 46. Rc1 Nb7 47. Be4 Rd7 48. Bf5 Rd5 49. Be4 Rd7 50. Bf5 Rd5
51. Bd3 Nbc5 52. Bc4 Rd7 53. Rh1 Nf4 54. Rd1 Nce6 55. Bc1 Nh3+ 56. Kg3 Nhf4 57. Rh1 Kg7 58. Kf2 Rd8 59. Ke1 Kg6 60. Bd2 Rf8
61. Kf2 Rc8 62. Rd1 Rd8 63. Re1 Kf6 64. Rh1 Kg6 65. Bc1 Kg7 66. Bd2=
1/2-1/2

[Event "Open Tournament for Experts"]
[Site "SchemingMind.com"]
[Date "2007.03.29"]
[Round "-"]
[White "kryspin11"]
[Black "MichaelDV"]
[Result "1/2-1/2"]
[WhiteCountry "POL"]
[BlackCountry "SWE"]
[WhiteElo "2116"]
[WhiteRD "91"]
[BlackElo "2351"]
[BlackRD "70"]
[GameID "98630"]

1. c4 Nf6 2. d4 e6 3. Nf3 b6 4. g3 Ba6 5. b3 Bb4+ 6. Bd2 Be7 7. Bg2 c6 8. Bc3 d5 9. Ne5 Nfd7 10. Nxd7 Nxd7
11. Nd2 O-O 12. O-O Rc8 13. e4 b5 14. Re1 bxc4 15. bxc4 dxc4 16. Qa4 Bb5 17. Qc2 Re8 18. a4 Ba6 19. Rac1 Bf8 20. Rcd1 Qc7
21. Qa2 c5 22. d5 Ne5 23. dxe6 fxe6 24. Bxe5 Qxe5 25. Nxc4 Qc3 26. Rc1 Bxc4=
1/2-1/2

[Event "Open Tournament for Experts"]
[Site "SchemingMind.com"]
[Date "2007.03.30"]
[Round "-"]
[White "kryspin11"]
[Black "Cruyce"]
[Result "1/2-1/2"]
[WhiteCountry "POL"]
[BlackCountry "BEL"]
[WhiteElo "2083"]
[WhiteRD "93"]
[BlackElo "2151"]
[BlackRD "76"]
[GameID "98631"]

1. Nf3 d5 2. d4 c6 3. c4 e6 4. Nc3 dxc4 5. a4 Bb4 6. e3 b5 7. Bd2 a5 8. axb5 Bxc3 9. Bxc3 cxb5 10. b3 Bb7
11. bxc4 b4 12. Bb2 Nf6 13. Bd3 Nbd7 14. Qc2 Qc7 15. O-O O-O 16. e4 e5 17. Rfe1 Rfc8 18. dxe5 Ng4 19. e6 fxe6 20. e5 Bxf3
21. gxf3 Ngxe5 22. Bxh7+ Kh8 23. Be4 Ra6 24. Qe2 Nf7=
1/2-1/2

[Event "Open Tournament for Experts"]
[Site "SchemingMind.com"]
[Date "2007.03.29"]
[Round "-"]
[White "MichaelDV"]
[Black "kryspin11"]
[Result "1-0"]
[WhiteCountry "SWE"]
[BlackCountry "POL"]
[WhiteElo "2370"]
[WhiteRD "72"]
[BlackElo "2179"]
[BlackRD "96"]
[GameID "98632"]

1. d4 Nf6 2. c4 e6 3. g3 d5 4. Nf3 dxc4 5. Bg2 Nc6 6. Qa4 Bb4+ 7. Bd2 Nd5 8. Bxb4 Nxb4 9. O-O Rb8 10. Na3 a6
11. Ne5 O-O 12. Nxc6 Nxc6 13. Qxc4 Qxd4 14. Bxc6 Qxc4 15. Nxc4 bxc6 16. b3 Rb5 17. Rfc1 Rd8 18. Rc2 f6 19. Rac1 e5 20. Nb2 Rbd5
21. Rxc6 Rd2 22. R6c2 Rxc2 23. Rxc2 Bf5 24. Nd3 Bxd3 25. exd3 Rxd3 26. Rxc7 h5 27. Ra7 Rd6 28. Kf1 Kh7 29. Ke2 Rc6 30. Kd3 Rd6+
31. Kc4 Rd2 32. Rxa6 Rxf2 33. b4 Rxh2 34. b5 g5 35. b6 Rb2 36. Kc3 Rb1 37. Kc2 Rb5 38. a4 Rb4 39. a5 h4 40. gxh4 gxh4
41. Ra7+ Kg6 42. Ra8 Rb5 43. Rh8 Kg5 44. Kd3 Rb4 45. Kc3 Rb5 46. Kc4 Rb2 47. Kc5 Rc2+ 48. Kd6 e4 49. b7
1-0

[Event "Open Tournament for Experts"]
[Site "SchemingMind.com"]
[Date "2007.03.29"]
[Round "-"]
[White "Cruyce"]
[Black "kryspin11"]
[Result "1/2-1/2"]
[WhiteCountry "BEL"]
[BlackCountry "POL"]
[WhiteElo "2166"]
[WhiteRD "74"]
[BlackElo "2116"]
[BlackRD "91"]
[GameID "98633"]

1. d4 Nf6 2. Nf3 d5 3. c4 e6 4. g3 dxc4 5. Bg2 a6 6. O-O Nc6 7. e3 Bd7 8. Nc3 Rb8 9. Ne5 Na5 10. Bd2 Bb4
11. Ne4 Nc6 12. Nxf6+ Qxf6 13. Nxd7 Kxd7 14. Bxb4 Nxb4 15. Qa4+ Nc6 16. Qxc4 Ne7 17. e4 c6 18. Rad1 Rhd8 19. d5 exd5 20. exd5 cxd5
21. Bxd5 Ke8 22. Rfe1 b5 23. Qc7 Rdc8 24. Qa7 Kf8 25. Bb3 Ra8 26. Qb7 Rab8 27. Qd7 Nf5 28. Qa7 Re8 29. Qc5+ Kg8 30. Qc7 Rxe1+
31. Rxe1 Rf8 32. Bd5 g6 33. b3=
1/2-1/2

[Event "Open Tournament for Experts"]
[Site "SchemingMind.com"]
[Date "2007.03.29"]
[Round "-"]
[White "hasan300"]
[Black "kryspin11"]
[Result "1/2-1/2"]
[WhiteCountry "BIH"]
[BlackCountry "POL"]
[WhiteElo "2184"]
[WhiteRD "85"]
[BlackElo "2116"]
[BlackRD "91"]
[GameID "98766"]

1. d4 Nf6 2. c4 e6 3. Nc3 Bb4 4. e3 O-O 5. a3 Bxc3+ 6. bxc3 c5 7. Bd3 Nc6 8. Ne2 b6 9. O-O Ba6 10. e4 Ne8
11. f4 f5 12. exf5 exf5 13. dxc5 bxc5 14. Ng3 g6 15. Be3 d6 16. Bxf5 gxf5 17. Qd5+ Rf7 18. Qxc6 Bb7 19. Qa4 Qf6 20. Rfe1 Ng7
21. Qd1 Re8 22. Bf2 Rxe1+ 23. Bxe1 Qe6 24. Qd3 Ba6 25. Rd1 Ne8 26. Bf2 Qxc4 27. Qe3=
1/2-1/2

[Event "Open Tournament for Experts"]
[Site "SchemingMind.com"]
[Date "2007.03.28"]
[Round "-"]
[White "hasan300"]
[Black "MichaelDV"]
[Result "1/2-1/2"]
[WhiteCountry "BIH"]
[BlackCountry "SWE"]
[WhiteElo "2171"]
[WhiteRD "88"]
[BlackElo "2340"]
[BlackRD "70"]
[GameID "98767"]

1. d4 Nf6 2. c4 e6 3. Nc3 Bb4 4. e3 d5 5. a3 Bxc3+ 6. bxc3 O-O 7. Bd3 dxc4 8. Bxc4 c5 9. Nf3 Qc7 10. Be2 Rd8
11. O-O b6 12. Bd3 Ba6 13. Bxa6 Nxa6 14. Qe2 Qb7 15. Bb2 Rac8 16. Rfd1 c4 17. Ne5 Nb8 18. Re1 b5=
1/2-1/2

[Event "Open Tournament for Experts"]
[Site "SchemingMind.com"]
[Date "2007.03.28"]
[Round "-"]
[White "hasan300"]
[Black "Cruyce"]
[Result "1/2-1/2"]
[WhiteCountry "BIH"]
[BlackCountry "BEL"]
[WhiteElo "2176"]
[WhiteRD "83"]
[BlackElo "2163"]
[BlackRD "75"]
[GameID "98768"]

1. d4 d5 2. c4 e6 3. Nc3 c6 4. e4 dxe4 5. Nxe4 Bb4+ 6. Bd2 Qxd4 7. Bxb4 Qxe4+ 8. Be2 Na6 9. Bd6 b6 10. Nf3 Bb7
11. O-O O-O-O 12. Ne5 Qf5 13. Bg4 Qf6 14. b4 c5 15. f4 Ne7 16. Bf3 Nxb4 17. Bxb7+ Kxb7 18. Qf3+ Ned5 19. a3 Nc2 20. cxd5 Rxd6
21. dxe6+ Kb8 22. Rad1 Nd4 23. Rxd4 Rxd4 24. Nc6+ Kc7 25. Nxa7 Qxe6 26. Nb5+ Kb8 27. f5 Qd5 28. Qg3+ Kb7 29. Qc7+ Ka6 30. Nxd4 Qxd4+
31. Kh1 Qd5 32. Rb1 Qb7=
1/2-1/2

[Event "Open Tournament for Experts"]
[Site "SchemingMind.com"]
[Date "2007.03.29"]
[Round "-"]
[White "kryspin11"]
[Black "hasan300"]
[Result "1/2-1/2"]
[WhiteCountry "POL"]
[BlackCountry "BIH"]
[WhiteElo "2086"]
[WhiteRD "95"]
[BlackElo "2176"]
[BlackRD "83"]
[GameID "98769"]

1. c4 Nf6 2. d4 c5 3. d5 b5 4. cxb5 a6 5. bxa6 Bxa6 6. Nc3 d6 7. Nf3 g6 8. g3 Bg7 9. Bg2 Nbd7 10. Rb1 Nb6
11. b3 Bb7 12. Nh4 O-O 13. O-O Qd7 14. Qd3 Rfb8 15. Rd1 Ng4 16. h3 c4 17. Qd2 cxb3 18. hxg4 Nc4 19. Qd3 Ne5 20. Qd2 Nc4=
1/2-1/2

[Event "Open Tournament for Experts"]
[Site "SchemingMind.com"]
[Date "2007.03.28"]
[Round "-"]
[White "MichaelDV"]
[Black "hasan300"]
[Result "1/2-1/2"]
[WhiteCountry "SWE"]
[BlackCountry "BIH"]
[WhiteElo "2329"]
[WhiteRD "73"]
[BlackElo "2176"]
[BlackRD "83"]
[GameID "98770"]

1. Nf3 Nf6 2. c4 g6 3. Nc3 Bg7 4. e4 d6 5. d4 O-O 6. Be2 e5 7. O-O Nc6 8. d5 Ne7 9. b4 Nh5 10. Re1 f5
11. Ng5 Nf6 12. f3 c6 13. Be3 f4 14. Bf2 Bh6 15. Ne6 Bxe6 16. dxe6 Qc7 17. c5 d5 18. Bf1 Bg7 19. Bh4 d4 20. Na4 b5
21. cxb6 axb6 22. Nb2 h6 23. a4 g5 24. Bf2 Rfb8 25. Nc4 b5 26. axb5 Rxa1 27. Qxa1 cxb5 28. Qa5 Ne8= 29. Na3 Qxa5 30. bxa5 Ra8
31. Nxb5 Rxa5 32. Bc4 Ra4 33. Rc1 Bf8 34. Be1 Kg7 35. g3 Ng6 36. Kg2 Kf6 37. Bb3 Ra8 38. Rc6 Be7 39. Bf2 Rd8 40. Rb6 h5
41. Be1 Ra8 42. Bf2 Rd8 43. Be1= Ra8 44. Bf2 Rd8
1/2-1/2

[Event "Open Tournament for Experts"]
[Site "SchemingMind.com"]
[Date "2007.03.28"]
[Round "-"]
[White "Cruyce"]
[Black "hasan300"]
[Result "1-0"]
[WhiteCountry "BEL"]
[BlackCountry "BIH"]
[WhiteElo "2237"]
[WhiteRD "75"]
[BlackElo "2176"]
[BlackRD "95"]
[GameID "98771"]

1. d4 Nf6 2. Nf3 g6 3. g3 Bg7 4. Bg2 O-O 5. O-O d6 6. c4 Nbd7 7. Nc3 e5 8. e4 exd4 9. Nxd4 Nc5 10. h3 Re8
11. Re1 a5 12. Ndb5 Bd7 13. Rb1 h6 14. Bf4 Bc6 15. Qc2 g5 16. Bd2 a4 17. Rbd1 Qc8 18. Bc1 Bd7 19. f4 g4 20. e5 Bf5
21. Qf2 Nfd7 22. hxg4 Bxg4 23. Nd5 Bxd1 24. Rxd1 dxe5 25. Nbxc7 Rb8 26. f5 e4 27. f6 Bf8 28. Qe2 Re5 29. Bf4 Nd3 30. Bh3 Kh8
31. Bxe5 N3xe5 32. Qxe4 Nc5 33. Qg2 Qd8 34. Qe2 Ng6 35. Kg2 Qd6 36. Re1 Nd7 37. Nb5 Qc6 38. Nd4 Qc5 39. Bxd7 Qxd4 40. Be8 Bd6
41. Bxf7 Qe5 42. Qf2 Qg5 43. Re6 Qg4 44. Rxd6 Nh4+ 45. Kg1 Qd1+ 46. Kh2 Nf3+ 47. Kg2 Ne1+ 48. Kh3 Nf3 49. Re6 Ng5+ 50. Kg2 Nxf7
51. Re7 Kg8 52. Rd7 Qg4 53. Qc2 Qg5 54. Rxf7 Kxf7 55. Qh7+ Ke6 56. Qe7+ Kf5 57. Ne3+ Kg6 58. Qg7+ Kh5 59. Qf7+ Qg6 60. Qe6 Qg5
61. f7 Rd8 62. g4+ Kh4 63. Nf5+ Kxg4 64. Ng3+
1-0

[Event "Open Tournament for Experts"]
[Site "SchemingMind.com"]
[Date "2007.03.29"]
[Round "-"]
[White "Aumonde"]
[Black "kryspin11"]
[Result "1/2-1/2"]
[WhiteCountry "USA"]
[BlackCountry "POL"]
[WhiteElo "2280"]
[WhiteRD "56"]
[BlackElo "2158"]
[BlackRD "96"]
[GameID "98905"]

1. e4 c5 2. f4 d5 3. exd5 Qxd5 4. Nf3 Bg4 5. Nc3 Qe6+ 6. Qe2 Qxe2+ 7. Bxe2 Nc6 8. O-O Nf6 9. Bb5 Bxf3 10. Rxf3 Rc8
11. f5 a6 12. Bxc6+ Rxc6 13. d3 g6 14. Bg5 h6 15. Bh4 g5 16. Bg3 Bg7 17. Re1 Kd7 18. Be5 Rg8 19. a4 b6 20. b3 h5
21. Rg3 Bh8 22. Kh1 h4 23. Rf3 Ng4 24. Bxh8 Rxh8 25. a5 b5 26. Nd5 Re8 27. h3 Nf6 28. Re5 Rd6 29. Nxf6+ exf6 30. Rxc5 Rc6
31. d4 b4 32. Rd3 Kd6 33. Rxc6+ Kxc6 34. c3 bxc3 35. Rxc3+ Kd6 36. b4 Rb8 37. Rc4 Kd5 38. Rc7 Kxd4 39. Rxf7 Ke5 40. Ra7 Rxb4
41. Rxa6=
1/2-1/2

[Event "Open Tournament for Experts"]
[Site "SchemingMind.com"]
[Date "2007.03.29"]
[Round "-"]
[White "Aumonde"]
[Black "MichaelDV"]
[Result "1/2-1/2"]
[WhiteCountry "USA"]
[BlackCountry "SWE"]
[WhiteElo "2249"]
[WhiteRD "57"]
[BlackElo "2361"]
[BlackRD "72"]
[GameID "98906"]

1. e4 e5 2. Nf3 Nc6 3. Bb5 Nf6 4. O-O Nxe4 5. d4 Nd6 6. Bxc6 dxc6 7. dxe5 Nf5 8. Qxd8+ Kxd8 9. Nc3 Ne7 10. Bg5 h6
11. Bd2 Ng6 12. h3 Be7 13. Rad1 Bd7 14. Ne4 Kc8 15. Rfe1 Rd8 16. Bc3 Bf8 17. Ng3 Nf4 18. Bd2 Nd5 19. Re2 b6 20. c4 Ne7=
21. Bf4 Ng6 22. Bc1 Be6 23. Rxd8+ Kxd8 24. b3 a5 25. Nd4 Kd7 26. Kh2 a4 27. f4 axb3 28. axb3 c5 29. Nxe6 fxe6 30. Rf2 Ra1
31. Bb2 Ra2 32. Ne4 Be7 33. g3 Kc6 34. Kg2 h5 35. Kf3 Ra8 36. Ke3 Rf8 37. Rf1 Bd8 38. Bc3 Be7 39. g4 hxg4 40. hxg4 Nh4
41. Rf2 b5 42. Bb2 Rb8 43. f5 exf5 44. gxf5 bxc4 45. bxc4 Nxf5+ 46. Rxf5 Rxb2 47. Rf7 Kd7 48. Rxg7 Ke6 49. Kf4 Rb1 50. Rg6+ Kd7
51. e6+ Kc6 52. Rg2 Rc1 53. Nd2 Rh1=
1/2-1/2

[Event "Open Tournament for Experts"]
[Site "SchemingMind.com"]
[Date "2007.03.31"]
[Round "-"]
[White "Aumonde"]
[Black "Cruyce"]
[Result "0-1"]
[WhiteCountry "USA"]
[BlackCountry "BEL"]
[WhiteElo "2258"]
[WhiteRD "56"]
[BlackElo "2142"]
[BlackRD "75"]
[GameID "98907"]

1. e4 c5 2. c3 g6 3. d4 cxd4 4. cxd4 d5 5. exd5 Nf6 6. Bb5+ Bd7 7. Bc4 Qc7 8. Qb3 b5 9. Nd2 bxc4 10. Nxc4 Nxd5
11. Ne2 Bg7 12. Ne3 Nf6 13. Bd2 O-O 14. O-O Nc6 15. d5 Ne4 16. Rfd1 Nd4 17. Nxd4 Bxd4 18. Bb4 Qe5 19. Qd3 Bb6 20. Be1 Rfc8
21. Qe2 Rab8 22. Nc4 Rxc4 23. Qxc4 Bb5 24. Qc2 Qf5 25. Rac1 a5
0-1

[Event "Open Tournament for Experts"]
[Site "SchemingMind.com"]
[Date "2007.03.29"]
[Round "-"]
[White "Aumonde"]
[Black "hasan300"]
[Result "1/2-1/2"]
[WhiteCountry "USA"]
[BlackCountry "BIH"]
[WhiteElo "2295"]
[WhiteRD "58"]
[BlackElo "2135"]
[BlackRD "87"]
[GameID "98908"]

1. e4 c5 2. c3 d5 3. exd5 Qxd5 4. d4 Nf6 5. Nf3 Bg4 6. Be2 e6 7. O-O Nc6 8. Be3 Rd8 9. Qa4 cxd4 10. Bxd4 Qe4
11. Bd1 Rd5 12. Nbd2 Qf4 13. Bxf6 Qxa4 14. Bxa4 gxf6 15. Nd4 Kd7 16. Ne4 Be7 17. Ng3 Kc7 18. Nxc6 bxc6 19. h3 Bh5 20. Bb3 Ra5
21. Nxh5 Rxh5 22. Rad1 Rg8 23. Rd3 Re5 24. Bc4 Rd8 25. Rxd8 Bxd8 26. Rd1 a5= 27. g3 Be7 28. a4 h6 29. Kf1 Bd6 30. Kg2 Kd7
31. b3 Ke7 32. h4 Ba3 33. Rb1 f5 34. b4 axb4 35. cxb4 Re4 36. Rb3 Rxc4 37. Rxa3 Rxb4 38. a5 Rb7 39. Kf3 c5 40. a6 Ra7
41. g4 Kf6 42. Ra5= e5 43. Ke3 fxg4 44. Kd3=
1/2-1/2

[Event "Open Tournament for Experts"]
[Site "SchemingMind.com"]
[Date "2007.03.30"]
[Round "-"]
[White "kryspin11"]
[Black "Aumonde"]
[Result "1-0"]
[WhiteCountry "POL"]
[BlackCountry "USA"]
[WhiteElo "2151"]
[WhiteRD "93"]
[BlackElo "2262"]
[BlackRD "56"]
[GameID "98909"]

1. Nf3 c6 2. c4 d5 3. d4 Nf6 4. Nc3 dxc4 5. a4 Bf5 6. e3 e6 7. Bxc4 Bb4 8. O-O O-O 9. Qe2 Nbd7 10. e4 Bg6
11. Bd3 Qc7 12. e5 Nd5 13. Bxg6 fxg6 14. Bd2 Qa5 15. Ne4 Bxd2 16. Qxd2 Qxd2 17. Nfxd2 b6 18. Nf3 c5 19. Rfd1 Nf4 20. Kf1 h6
21. dxc5 Nxc5 22. Nxc5 bxc5 23. Rac1 Rad8 24. Rxd8 Rxd8 25. Ne1 Rd4 26. g3 Nd5 27. a5 c4 28. Nf3 Re4 29. Re1 Rxe1+ 30. Kxe1 c3
31. bxc3 Nxc3 32. Nd4 Kf7 33. Kd2 Ne4+ 34. Ke3
1-0

[Event "Open Tournament for Experts"]
[Site "SchemingMind.com"]
[Date "2007.03.29"]
[Round "-"]
[White "MichaelDV"]
[Black "Aumonde"]
[Result "1-0"]
[WhiteCountry "SWE"]
[BlackCountry "USA"]
[WhiteElo "2381"]
[WhiteRD "70"]
[BlackElo "2262"]
[BlackRD "56"]
[GameID "98910"]

1. Nf3 d5 2. d4 Nf6 3. c4 e6 4. g3 c6 5. Qc2 Na6 6. a3 dxc4 7. Qxc4 c5 8. Bg2 cxd4 9. O-O Bc5 10. b4 Bb6
11. Bb2 O-O 12. Bxd4 Bd7 13. Bxb6 Qxb6 14. Qd4 Qc7 15. Nbd2 Rfd8 16. Rac1 Bc6 17. Qb2 Qd7 18. Nc4 Be4 19. Nfe5 Qb5 20. Rfd1 Bxg2
21. Kxg2 Rac8 22. Qb3 h6 23. Qe3 Rxd1 24. Rxd1 Ng4 25. Nxg4 Qxc4 26. Ne5 Qb5 27. Qe4 f6 28. Ng6 Re8= 29. Rd6 Nc7 30. Nf4 Kf7
31. Qg6+ Ke7 32. Rd3 Rg8 33. Qh7 Kf7 34. e4 Qc6 35. h3 a6 36. Kh2 Rc8 37. e5 Ne8 38. Ng6 Qc7 39. Rf3 b6 40. Nh8+ Kf8
41. Kg2 a5 42. bxa5 bxa5 43. a4 f5 44. g4 Qc2 45. Qg6 Kg8 46. Nf7 f4 47. Nxh6+
1-0

[Event "Open Tournament for Experts"]
[Site "SchemingMind.com"]
[Date "2007.03.31"]
[Round "-"]
[White "Cruyce"]
[Black "Aumonde"]
[Result "1/2-1/2"]
[WhiteCountry "BEL"]
[BlackCountry "USA"]
[WhiteElo "2180"]
[WhiteRD "72"]
[BlackElo "2280"]
[BlackRD "56"]
[GameID "98911"]

1. d4 Nf6 2. Nf3 d5 3. c4 e6 4. g3 dxc4 5. Bg2 Nc6 6. O-O Rb8 7. Nc3 a6 8. e4 b5 9. d5 exd5 10. Nxd5 Nb4
11. Ne5 Nfxd5 12. exd5 Bd6 13. Bd2 Bxe5 14. Bxb4 Bd6 15. Re1+ Kf8 16. Bxd6+ cxd6 17. b3 c3 18. Qd4 b4 19. a3 a5 20. axb4 axb4
21. Ra4 Qf6 22. Qc4 Bf5 23. g4 Bg6 24. Rxb4 Ra8 25. f4 h6 26. Qc6 Rd8 27. Ra4 Qh4 28. Re3 c2 29. f5 Bh7 30. Qxc2 Qf6
31. Be4 h5 32. gxh5 Re8 33. Qc3 Qxc3 34. Rxc3 Ke7 35. Rc6 Rd8 36. Rc7+ Kf6 37. Kg2 Rhe8 38. Kg3 Re5 39. Bf3 Bxf5 40. b4 Rd7
41. Rxd7 Bxd7 42. Ra6 Ke7 43. Ra7 Ke8 44. Rb7 Re3 45. b5 Rb3 46. Rb8+ Ke7 47. b6 Kf6 48. b7 Rb5 49. Be2 Rb4 50. Kf2 Bb5
51. Bxb5 Rxb5 52. Ke3 Kf5 53. Kd4 f6 54. Kc4 Rb1 55. Rd8 Rxb7= 56. Rxd6 Rb2 57. h4 Rc2+ 58. Kd4 Rd2+ 59. Ke3=
1/2-1/2

[Event "Open Tournament for Experts"]
[Site "SchemingMind.com"]
[Date "2007.03.29"]
[Round "-"]
[White "hasan300"]
[Black "Aumonde"]
[Result "1-0"]
[WhiteCountry "BIH"]
[BlackCountry "USA"]
[WhiteElo "2176"]
[WhiteRD "83"]
[BlackElo "2275"]
[BlackRD "60"]
[GameID "98912"]

1. d4 Nf6 2. c4 e5 3. dxe5 Ng4 4. Bf4 Nc6 5. Nf3 Bc5 6. e3 Bb4+ 7. Nc3 Bxc3+ 8. bxc3 Qe7 9. Qd5 f6 10. exf6 Nxf6
11. Qb5 a6 12. Qa4 O-O 13. Bxc7 d6 14. Bb6 Bg4 15. Be2 Bxf3 16. gxf3 Nd7 17. Qb3 Kh8 18. O-O-O Rac8 19. Rhg1 Qf6 20. Kb2 Qh4
21. Rg2 Qh3 22. Rdg1 Nxb6 23. Qxb6 Rf7 24. f4 Qh4 25. Bg4 Rd8 26. Be6 Re7 27. f5 Rde8 28. Bd5 Qf6 29. Rg5 Ne5 30. Qd4 Nd7
31. Be6 Qh6 32. Ka1 Nc5 33. Bd5 Rf8 34. R1g3 Nd7 35. Be6 Nc5 36. Qxd6
1-0

[Event "Open Tournament for Experts"]
[Site "SchemingMind.com"]
[Date "2007.03.31"]
[Round "-"]
[White "GrischukFan"]
[Black "kryspin11"]
[Result "1/2-1/2"]
[WhiteCountry "GER"]
[BlackCountry "POL"]
[WhiteElo "2250"]
[WhiteRD "86"]
[BlackElo "2116"]
[BlackRD "91"]
[GameID "99065"]

1. e4 c5 2. Nf3 Nc6 3. Nc3 e6 4. d4 cxd4 5. Nxd4 Qc7 6. Be2 a6 7. O-O Nf6 8. Be3 b5 9. a3 Bb7 10. Kh1 Na5
11. Qd3 Rc8 12. f4 Nc4 13. Bc1 d6 14. f5 e5 15. Nf3 Be7 16. Ng5 O-O 17. Qg3 Kh8 18. Qh3 h6 19. Bd3 Qb6 20. Rg1 Kg8
21. Nf3 h5 22. Qg3 Ng4 23. Rf1 Rfe8 24. h3 Nf6 25. Bh6=
1/2-1/2

[Event "Open Tournament for Experts"]
[Site "SchemingMind.com"]
[Date "2007.03.31"]
[Round "-"]
[White "GrischukFan"]
[Black "Aumonde"]
[Result "1/2-1/2"]
[WhiteCountry "GER"]
[BlackCountry "USA"]
[WhiteElo "2250"]
[WhiteRD "86"]
[BlackElo "2277"]
[BlackRD "59"]
[GameID "99066"]

1. d4 d5 2. c4 c5 3. cxd5 Qxd5 4. Nf3 cxd4 5. Nc3 Qa5 6. Nxd4 e5 7. Nb3 Qc7 8. e4 Be6 9. Bb5+ Nc6 10. Nd5 Bxd5
11. exd5 Rd8 12. Qf3 Bb4+ 13. Kf1 a6 14. dxc6 axb5 15. cxb7 Rd7 16. Bg5 Qxb7 17. Rc1 Ne7 18. Qxb7 Rxb7 19. Ke2 f6 20. Be3 Kf7
21. Rhd1 Nf5 22. a3 Bd6 23. Bc5 Bxc5 24. Rxc5 Ra8 25. f4 b4 26. Na5 Re7 27. Kf2 bxa3 28. bxa3 Kg6 29. fxe5 Rxe5 30. Rxe5 fxe5
31. Nc4 Kf6 32. Ra1=
1/2-1/2

[Event "Open Tournament for Experts"]
[Site "SchemingMind.com"]
[Date "2007.03.30"]
[Round "-"]
[White "GrischukFan"]
[Black "MichaelDV"]
[Result "1/2-1/2"]
[WhiteCountry "GER"]
[BlackCountry "SWE"]
[WhiteElo "2214"]
[WhiteRD "101"]
[BlackElo "2325"]
[BlackRD "71"]
[GameID "99067"]

1. e4 e5 2. Nf3 Nc6 3. Bb5 Nf6 4. O-O Nxe4 5. d4 Nd6 6. Bxc6 dxc6 7. dxe5 Nf5 8. Qxd8+ Kxd8 9. Nc3 Ne7 10. Rd1+ Ke8
11. h3 Ng6 12. Be3 Bb4 13. Ne2 Be7 14. Rd2 Be6 15. Rad1 Bd5 16. Ned4 a5=
1/2-1/2

[Event "Open Tournament for Experts"]
[Site "SchemingMind.com"]
[Date "2007.03.30"]
[Round "-"]
[White "GrischukFan"]
[Black "Cruyce"]
[Result "1/2-1/2"]
[WhiteCountry "GER"]
[BlackCountry "BEL"]
[WhiteElo "2250"]
[WhiteRD "86"]
[BlackElo "2166"]
[BlackRD "74"]
[GameID "99068"]

1. e4 c5 2. Nf3 e6 3. d4 cxd4 4. Nxd4 Nc6 5. Nc3 Qc7 6. Be2 a6 7. O-O Bc5 8. Nb3 Be7 9. Be3 b5 10. f4 d6
11. Bf3 Bb7 12. Qe1 Nf6 13. Rd1 O-O 14. Qf2 Rac8 15. Bb6 Qb8 16. Ne2 a5 17. Ng3 b4 18. Nd4 Ba6 19. Nde2 g6 20. Be3 h5
21. Rd2 h4 22. Nh1 d5 23. e5 Ne4 24. Bxe4 dxe4 25. Rfd1 a4 26. Nd4 Na5 27. b3 Kg7 28. Qe1 h3 29. Qg3 Nc6= 30. Qxh3 axb3
31. axb3 Nxd4 32. Bxd4 Rc3 33. Bxc3 bxc3 34. Qxc3 Qb6+ 35. Rd4 Rd8 36. Nf2 Rxd4 37. Qxd4 Bc5 38. Qxe4 Bxf2+ 39. Kh1 Bb7 40. Qe2=
1/2-1/2

[Event "Open Tournament for Experts"]
[Site "SchemingMind.com"]
[Date "2007.03.30"]
[Round "-"]
[White "GrischukFan"]
[Black "hasan300"]
[Result "1-0"]
[WhiteCountry "GER"]
[BlackCountry "BIH"]
[WhiteElo "2340"]
[WhiteRD "83"]
[BlackElo "2195"]
[BlackRD "93"]
[GameID "99069"]

1. d4 Nf6 2. c4 g6 3. Nc3 Bg7 4. e4 d6 5. Nf3 O-O 6. Be2 e5 7. O-O Nc6 8. d5 Ne7 9. Ne1 Nd7 10. Be3 f5
11. f3 f4 12. Bf2 g5 13. b4 Rf6 14. c5 Rh6 15. Nb5 a6 16. Na7 Rxa7 17. cxd6 b6 18. dxe7 Qxe7 19. Nd3 Qf7 20. h3 Qh5
21. Be1 Nf8 22. Nf2 c6= 23. Rc1 Qe8 24. Bc4 Kh8 25. Qe2 Rd6 26. Bc3 Bd7 27. Qb2 Ng6 28. Bb3 Nh4 29. a4 Ng6 30. Rfd1 cxd5
31. exd5 Bxa4 32. Ne4 Rd8 33. Nxg5 Bxb3 34. Qxb3 Nh4 35. Be1 Qh5 36. Bxh4 Qxh4 37. Ne4 Qe7 38. d6 Qe8 39. Rc7 Rd7 40. Rdc1 h6
41. Rxa7 Rxa7 42. Rc7 Ra8 43. d7 Qd8 44. Qc2
1-0

[Event "Open Tournament for Experts"]
[Site "SchemingMind.com"]
[Date "2007.03.31"]
[Round "-"]
[White "kryspin11"]
[Black "GrischukFan"]
[Result "0-1"]
[WhiteCountry "POL"]
[BlackCountry "GER"]
[WhiteElo "2180"]
[WhiteRD "90"]
[BlackElo "2347"]
[BlackRD "85"]
[GameID "99070"]

1. c4 Nf6 2. Nc3 e5 3. Nf3 Nc6 4. g3 Bb4 5. Bg2 O-O 6. a3 Bxc3 7. bxc3 d6 8. d4 e4 9. Nd2 Re8 10. Qc2 Bf5
11. h3 Bg6 12. e3 Nb8 13. O-O c5 14. Rb1 b6 15. Bb2 Nc6 16. Rfd1 Qd7 17. Qa4 h5 18. Nb3 Qc7 19. Nd2 h4 20. Re1 hxg3
21. fxg3 Rac8 22. g4 Na5 23. Rbc1 d5 24. cxd5 c4 25. Qb5 Qd6 26. a4 Nxd5 27. Ba3 Qd8 28. Qb2 f5 29. gxf5 Bxf5 30. Re2 Qg5
31. Kh2 Rc6 32. Rf1 Qh5 33. Rxf5 Qxf5 34. Qc2 Rce6 35. Nf1 Qg5 36. Qd2 Nb3 37. Qe1 Rg6 38. Rf2 a6 39. Bb2 b5 40. axb5 axb5
41. Re2 Ree6 42. Ng3 Qh4 43. Nf1 Qxe1 44. Rxe1 b4 45. cxb4 c3 46. Ba1 c2 47. Bb2 Rxg2+ 48. Kxg2 Nxb4 49. Re2 Nd3
0-1